Bharatar rajnaitik prakriya (Record no. 10817)

MARC details
000 -LEADER
fixed length control field 00593cam a2200229ua 4500
008 - FIXED-LENGTH DATA ELEMENTS--GENERAL INFORMATION
fixed length control field 200208n ii |||gr||||Z||||||asm
020 ## - INTERNATIONAL STANDARD BOOK NUMBER
International Standard Book Number 9788194338369
040 ## - CATALOGING SOURCE
Transcribing agency MAIN
041 ## - LANGUAGE CODE
-- asm
082 ## - DEWEY DECIMAL CLASSIFICATION NUMBER
Classification number 320.954
100 ## - MAIN ENTRY--PERSONAL NAME
Personal name Deepan Das,
Relator term
245 ## - TITLE STATEMENT
Title Bharatar rajnaitik prakriya
Statement of responsibility, etc. By Deepan Das & others
250 ## - EDITION STATEMENT
Edition statement 1st ed.
260 ## - PUBLICATION, DISTRIBUTION, ETC.
Place of publication, distribution, etc. Dibrugarh:
Name of publisher, distributor, etc. Banalata,
Date of publication, distribution, etc. 2019.
300 ## - PHYSICAL DESCRIPTION
Extent 304p.
700 ## - ADDED ENTRY--PERSONAL NAME
Personal name Dipen Saikia,
Relator term
700 ## - ADDED ENTRY--PERSONAL NAME
Personal name Santisaya Baruah,
Relator term
942 ## - ADDED ENTRY ELEMENTS (KOHA)
Koha item type Books
653 ## - INDEX TERM--UNCONTROLLED
Uncontrolled term Political science
653 ## - INDEX TERM--UNCONTROLLED
Uncontrolled term Political process in India
Holdings
Withdrawn status Lost status Damaged status Not for loan Home library Current library Shelving location Date acquired Total Checkouts Full call number Barcode Date last seen Date last checked out Copy number Price effective from Koha item type Date due
        Central Library, Naharkatiya College Central Library, Naharkatiya College General Stacks 19/09/2020 21 320.954 | DAS 28171 12/05/2026 17/04/2026 1 19/09/2020 Books  
        Central Library, Naharkatiya College Central Library, Naharkatiya College General Stacks 19/09/2020 26 320.954 | DAS 28172 22/04/2026 09/02/2026 2 19/09/2020 Books  
        Central Library, Naharkatiya College Central Library, Naharkatiya College General Stacks 19/09/2020 25 320.954 | DAS 28173 09/02/2026 09/02/2026 3 19/09/2020 Books 27/02/2026

Naharkatiya College © 2020. All rights reserved.

Powered By